000 00640nam a2200229Ia 4500
003 GCL
008 140319s9999 xx 000 0 ara d
020 _a60086977
040 _aGCL /
_cGCL
082 0 4 _a813.03
_bا ل
100 1 _aاحسان عبدالقدوس
245 1 0 _aلا تتركونى هنا وحدى /
_cاحسان عبدالقدوس
260 _aالقاهرة :
_bمكتبة مصر
300 _a196 ص ؛
_c19 سم
490 _a
650 0 4 _aالادب العربى
650 0 4 _aالقصص العربية
650 0 4 _aمصر
650 0 4 _aالقصيدة
650 0 4 _aالمجموعات
942 _2ddc
_cBK
999 _c57817
_d57817